|
|
|
|
| LEADER |
02715cas a2200301 a 4500 |
| 001 |
AALejournalIMF022993 |
| 008 |
230101c9999 xx r poo 0 0eng d |
| 020 |
|
|
|c 20.00 USD
|
| 020 |
|
|
|z 9781589065314
|
| 022 |
|
|
|a 2790-4601
|
| 040 |
|
|
|a BD-DhAAL
|c BD-DhAAL
|
| 110 |
2 |
|
|a International Monetary Fund.
|b African Dept.
|
| 240 |
1 |
0 |
|a Republic of Equatorial Guinea: Request for Purchase Under the Rapid Financing Instrument-Press Release; Staff Report; and Statement by the Executive Director.
|l Spanish
|
| 245 |
1 |
0 |
|a Republic of Equatorial Guinea :
|b Request for Purchase Under the Rapid Financing Instrument-Press Release; Staff Report; and Statement by the Executive Director.
|
| 264 |
|
1 |
|a Washington, D.C. :
|b International Monetary Fund,
|c 2021.
|
| 300 |
|
|
|a 1 online resource (56 pages)
|
| 490 |
1 |
|
|a IMF Staff Country Reports
|
| 500 |
|
|
|a <strong>Off-Campus Access:</strong> No User ID or Password Required
|
| 500 |
|
|
|a <strong>On-Campus Access:</strong> No User ID or Password Required
|
| 506 |
|
|
|a Electronic access restricted to authorized BRAC University faculty, staff and students
|
| 520 |
3 |
|
|a Already battered by a still unfolding COVID-19 pandemic, Equatorial Guinea was struck on March 7 by massive accidental explosions at a military compound in Bata, its largest city, that killed over 100 people and caused widespread damage to surrounding neighborhoods. These shocks have adversely impacted economic activity and weakened considerably the fiscal and external positions, relative to the EFF-supported program approved in December 2019, creating a substantial financing gap. With the EFF-supported program off-track, as governance reforms have taken longer than originally envisaged, it is not feasible to effectively respond to the humanitarian crisis within the EFF framework. Bringing the program back on track would take time as the authorities continue to work on outstanding structural measures due to capacity constraints in the pandemic context and need for consensus building. Support provided under the RFI, buttressed by appropriate prior actions on governance and safeguards, would create the fiscal space necessary for the authorities to meet the immediate humanitarian needs, and reinvigorate engagement under the EFF-supported program.
|
| 538 |
|
|
|a Mode of access: Internet
|
| 650 |
|
7 |
|a International Agreements and Observance
|2 imf
|
| 650 |
|
7 |
|a International Organizations
|2 imf
|
| 650 |
|
7 |
|a Monetary Policy
|2 imf
|
| 651 |
|
7 |
|a Equatorial Guinea, Republic of
|2 imf
|
| 830 |
|
0 |
|a IMF Staff Country Reports; Country Report ;
|v No. 2021/219
|
| 856 |
4 |
0 |
|z Full text available on IMF
|u https://elibrary.imf.org/openurl?genre=journal&issn=2790-4601&volume=2021&issue=219
|z IMF e-Library
|